The age of discovery 1400-1600 / (Record no. 68009)
[ view plain ]
| 000 -LEADER | |
|---|---|
| fixed length control field | 01594nam a22002657a 4500 |
| 005 - DATE AND TIME OF LATEST TRANSACTION | |
| control field | 20120618101433.0 |
| 010 ## - LCCN (DPL NO) | |
| LC control number | B-464601-605 |
| 020 ## - INTERNATIONAL STANDARD BOOK NUMBER | |
| International Standard Book Number | 9780415279963 |
| Terms of availability | 1243.86 |
| 035 ## - SYSTEM CONTROL NUMBER | |
| System control number | B-464601-605 |
| 037 ## - SOURCE OF ACQUISITION | |
| Stock number | dpl |
| Source of stock number/acquisition | Researcho / ven |
| 082 ## - DEWEY DECIMAL CLASSIFICATION NUMBER | |
| Classification number | 910.9024 |
| 100 ## - MAIN ENTRY--PERSONAL NAME | |
| Personal name | Arnold , david |
| 245 ## - TITLE STATEMENT | |
| Title | The age of discovery 1400-1600 / |
| Statement of responsibility, etc | by David Arnold |
| 250 ## - EDITION STATEMENT | |
| Edition statement | Second ed |
| 260 ## - PUBLICATION, DISTRIBUTION, ETC. (IMPRINT) | |
| Place of publication, distribution, etc | London |
| Name of publisher, distributor, etc | Routledge |
| Date of publication, distribution, etc | 2006 |
| 270 ## - ADDRESS | |
| Address | 2 park square milton park abington oxon |
| City | London |
| 300 ## - PHYSICAL DESCRIPTION | |
| Extent | 69pgs |
| Dimensions | 21(pbk) |
| 942 ## - ADDED ENTRY ELEMENTS (KOHA) | |
| Source of classification or shelving scheme | Dewey Decimal Classification |
| Item type | English Books |
| Call number suffix | ARN |
| Classification part | 910.9024 |
| Withdrawn status | Lost status | Not for loan | Collection code | Home library | Current library | Date acquired | Source of acquisition | Cost, normal purchase price | Full call number | Barcode | Copy number | Cost, replacement price | Koha item type |
|---|---|---|---|---|---|---|---|---|---|---|---|---|---|
| Non-fiction | Central Library | Central Library | 22/06/2012 | RBC/27857/05.03.2012/26/18.01.2012/12.03.2012 | 1243.86 | 910.9024 ARN | B-464601 | 1 | 1243.86 | English Books | |||
| Non-fiction | Karol Bagh | Karol Bagh | 22/06/2012 | RBC/27857/05.03.2012/26/18.01.2012/12.03.2012 | 1243.86 | 910.9024 ARN | B-464604 | 1 | 1243.86 | English Books | |||
| Non-fiction | Patel Nagar | Patel Nagar | 22/06/2012 | RBC/27857/05.03.2012/26/18.01.2012/12.03.2012 | 1243.86 | 910.9024 ARN | B-464602 | 1 | 1243.86 | English Books | |||
| Non-fiction | Sarojini Nagar | Sarojini Nagar | 22/06/2012 | RBC/27857/05.03.2012/26/18.01.2012/12.03.2012 | 1243.86 | 910.9024 ARN | B-464603 | 1 | 1243.86 | English Books | |||
| Non-fiction | Shahdara Branch | Shahdara Branch | 22/06/2012 | RBC/27857/05.03.2012/26/18.01.2012/12.03.2012 | 1243.86 | 910.9024 ARN | B-464605 | 1 | 1243.86 | English Books |
